Énigmes du Père Fouras - Fort Boyard (Aléatoire) - Statistiques

Statistiques générales
  • Ce quiz a été pris 1 241 fois
    420 depuis la dernière actualisation
  • Le résultat moyen est 5 sur 10
Statistiques - réponses
Énigmes Réponses % Correct
- Ce signe bien connu - Symbole d'équilibre et de justice, - Aide le pêcheur assidu, - Dans sa pêche aux écrevisses. Qui est-elle ? Balance
92%
- Dans son œil il ne voit rien - Après lui il ne reste rien. - Cette bourrasque en tourbillon, - Reste une histoire de pression. Qui est-il ? Cyclone
90%
- Rapidement il se déplace - Et peut parfois laisser des traces. - Souvent précédé par ses chiens, - Il possède des patins. Qui est-il ? Traîneau
89%
- Jamais en retard il est souvent pressé - En rondelles il peut être découpé. - Par lui, une couleur est qualifiée, - Avec le poisson il est mariné. Qui est-il ? Citron
86%
- On s'appuie très souvent dessus - Il a régulièrement des frais. - De votre chaise il est connu, - Il peut aussi être secret. Qui est-il ? Dossier
79%
- Qu'ils soient hauts, plats ou usés - Ils sont utiles pour marcher. - Au carnet, ils restent fixés, - Les tourner c'est s'en aller. Qui sont-ils ? Talons
78%
- Rarement le chien s’en sépare - Et bien souvent, la femme s’en pare. - Son coup demande des efforts, - Et c’est parfois une chaîne en or. Qui est-il ? Collier
76%
- À l'abstention il peut pousser - Il lui arrive de planer, - Son ombre nous fait hésiter, - Pour le sceptique il est semé. Qui est-il ? Doute
76%
- C’est un gouffre au fond de l’océan - Les plongeurs y font leurs entraînements. - Un orchestre peut très bien s’y trouver. - Et certains animaux y sont en captivité. Qui est-elle ? Fosse
74%
- Il peut s'agir d'un soupçon - Car c'est une petite quantité. - On aime cette peau si parfumée, - Provenant de l'orange ou du citron. Qui est-il ? Zeste
72%
- Son vin est né de ferments - Et c’est aussi un ornement. - En or c’est un grand honneur, - Par deux, elle sert au nageur. Qui est-elle ? Palme
71%
- Faite de trous et de bosses - C'est une curieuse boîte en os. - Fractures, migraines ou céphalées, - Lui causent bien des difficultés. Qui est-il ? Crâne
70%
- C'est un luminaire - Il peut être oculaire. - Pour représenter la Terre, - Sa forme est une sphère. Qui est-il ? Globe
69%
- Pour les yeux c’est un joli coloris - Ce café est légèrement adouci. - On peut consommer ce fruit, - Ou ce morceau de beurre tout petit. Qui est-elle ? Noisette
68%
- C’est un espace bien silencieux - On peut le regarder dans les yeux. - C’est une manière de chauffer. - Une couleur parfois cassé. Qui est-il ? Blanc
67%
- Elle figure une somme d’argent - Confortable un siège elle rend. - Chaque année elle nous couronne, - Pourvu qu’elle soit moelleuse et bonne. Qui est-elle ? Galette
67%
- Lorsqu'il quitte sa carrière - Généralement il est poli. - De veines il est souvent couvert, - Et bien des sculpteurs l'apprécient. Qui est-il ? Marbre
67%
- Dans cet ensemble d’idées - On est parfois égaré. - Ces fleurs à l’aspect velouté, - Dans des jardins sont plantées. Qui sont-elles ? Pensées
67%
- Il peut être fait de soie - Ou encore de chocolat. - Ce parfait quadrilatère, - Et une belle main au poker. Qui est-il ? Carré
62%
- Ce tableau n'est pas vraiment apprécié - Pour vous nourrir vous la cassez. - En travaillant vous la gagnez, - Sortant du four, elle est dorée. Qui est-elle ? Croûte
62%
- Délicieuse est celle de l'agneau - On y porte un fardeau. - On la change pour le fusil, - Lorsqu'on a changé d'avis. Qui est-elle ? Epaule
62%
- Comme le coton, il est léger - Et de glace il est constitué. - Cette céréale déshydratée, - Est idéale au petit-déjeuner. Qui est-il ? Flocon
62%
- Elle n'est pas à l'abri d'un coup - Cependant, elle évite de frapper. - Du serpent elle est tout au bout, - À la porte, vous la mettez. Qui est-elle ? Sonnette
62%
- Une table il peut exiger - De gazon il peut se contenter. - Son filet ne sert à pécher, - Ses tournois sont très prisés. Qui est-il ? Tennis
62%
- Il résulte de la gravitation - Sur le cœur, il fait pression. - Son lancer est digne du champion, - Quand il est lourd, c'est un camion. Qui est-il ? Poids
61%
- Il peut être chiche sans se montrer - S'il est cassé ce n'est pas par manque de soin. - Dans une assiette il est parfois très fin, - Sur un tissu c'est un gros grain. Qui est-il ? Pois
61%
- Sans lui, pas de culture - Sa clé n'ouvre aucune serrure. - Le gymnaste peut y exceller. - Chacun peut le piétiner. Qui est-il ? Sol
61%
- C'est un golfe où l'on peut se baigner - C'est une cloison vitrée. - Petit fruit elle est savoureuse, - Mais elle peut se montrer dangereuse. Qui est-elle ? Baie
60%
- D'une aile c'est l'extrémité- En cuisine, - Il est battant - Son coup nous remet sur pied. Qui est-il ? Fouet
60%
- Souvent associé au printemps - On peut aussi plonger dedans. - Très utile en pâtisserie, - Pour peindre on s'en sert aussi. Qui est-il ? Rouleau
60%
- C'est un prénom peu usité - Elle est aussi une herbacée. - Il suffit de l'effeuiller, - Pour qu'un cœur tendre soit chaviré. Qui est-elle ? Marguerite
59%
- C'est une excroissance ligneuse - Qui donne au poids sa rareté. - Elle peut être une pierre précieuse, - Ou bien permet d'y voir plus près. Qui est-elle ? Loupe
58%
- Autrefois elle acheminait bien du courrier - Elle est souvent synonyme de voyages. - Parfois au fond d’un grenier, - S’y entassent des souvenirs sans âge. Qui est-elle ? Malle
58%
- Chez le notaire c'est un original - De l'heure c'est une division. - En mesurant votre inattention, - Elle vous serait ici fatale. Qui est-elle ? Minute
58%
- C'est une apparence qui peut tromper- Les femmes aiment s'en appliquer. - Parfois recouvrant les souliers, - Les œuvres il sert à protéger. Qui est-il ? Vernis
58%
- Ses marteaux et leurs coups - N'enfoncent aucun clou. - Doté d'une queue il n'est pas animal, - Sans avancer on appuie sur ses pédales. Qui est-il ? Piano
57%
- Du fond de la Provence - Sous le mistral elle danse. - De son cœur naît l'essence, - À une couleur, elle a donné naissance. Qui est-elle ? Lavande
56%
- Il est parfois mauvais - Et peut-être incliné. - Pour ne point s'égarer, - Mieux vaut le déplier. Qui est-il ? Plan
56%
- De monts c'est la ligne dentelée - Et d'un mur c'est le sommet. - Sur la tête de gallinacées, - Elle est souvent dressée. Qui est-elle ? Crête
53%
- Si vous souhaitez la conserver - Des excès il faut vous écarter. - Elle marque le départ et l'arrivée, - Il y en a 5 sur une portée. Qui est-elle ? Ligne
53%
- Elle possède sa propre maison - Et intéresse peu les garçons. - Cible parfois d'aiguilles, - Elle plaît surtout aux filles. Qui est-elle ? Poupée
53%
- Son coup est toujours surprenant - Ses pièces ne sont pas d’argent. - Il est réputé pour ses scènes. - Antique, c’est une moitié d’arène. Qui est-il ? Théâtre
52%
- Il est toujours courbé - Dedans, on doit souffler. - Ce fil de fer replié, - Nous sert pour attacher. Qui est-il ? Trombone
52%
- C'était une place publique - Dans le monde antique. - À Rome ses ruines sont admirées, - Sur Internet on aime y échanger. Qui est-il ? Forum
50%
- Il a fait dormir 100 ans - La princesse d'un conte d'enfants. - Vêtement de sport d'hiver, - Il est souvent lié à l'horaire. Qui est-il ? Fuseau
50%
- À l'issue de noirs combats - On l'a celée maintes fois. - Elle vous remplit d'émoi, - Lorsqu'elle est passée au doigt. Qui est-elle ? Alliance
45%
- Elle peut être bien chargée - Tout en étant obstinée. - On peut l'enfiler au pied, - Et la porter en été. Qui est-elle ? Mule
45%
- Sur un terrain, le pratiquer. - Devant un mur, s’y entraîner. - Dans des chaussures fortes appréciées. Qui est-il ? Tennis
44%
- Sa forme longue et plate - Fait de bien jolis yeux. - C'est une bonne pâte, - Et son lait est soyeux. Qui est-elle ? Amande
43%
- Elle fait marcher à la baguette - Elle connaît la dextérité. - Vieille et laide ou jeune et jolie, - Elle resplendit dans son logis. Qui est-elle ? Fée
43%
- Il sert à battre le blé - Et maintient les plateaux d'une balance équilibrée. - Calamité, peste ou choléra, - Le plus connu fut Attila. Qui est-il ? Fléau
43%
- Instrument qui ne joue pas de musique - Son aiguille personne ne pique. - On se trouve tout affolé, - Si par nous elle est égarée. Qui est-elle ? Boussole
42%
- Bien utile pour les fusées - Il possède une rampe sans être un escalier. - Son action s'applique à la publicité, - Ou encore à un produit de beauté. Qui est-il ? Lancement
41%
- À piquer elle s'entête - Jusqu'à être gavée. - Certaines cartes en sont dotées, - À l'oreille on la met. Qui est-elle ? Puce
41%
- Dans le Jura, c'est un cépage - On le composait pour le mariage. - En colonie, il faut l'apporter, - Il ne quitte jamais le geôlier. Qui est-il ? Trousseau
41%
- À ce jeu on peut gagner un lot - C’est une épreuve pour les chevaux. - Cet examen établit un classement, - Entre tous les participants. Qui est-il ? Concours
40%
- Celle d'une cellule n'est pas blindée,- C'est une opération qui aide à mieux régner. Qui est-elle ? Division
40%
- Il est parfois critique- Il peut être invoqué, - Son trait peut amuser. Qui est-il ? Esprit
39%
- Il est toujours au cœur des flammes- Mais c'est loin d'elles qu'on le fonde. - Encore nombreuses y sont les femmes, - Et les étudiants y abondent. Qui est-il ? Foyer
39%
- Son trait est dépourvu d'esprit - Mais elle ne manque pas de force. - C'est un mariage, une fusion, - Que l'on célèbre avec des noces. Qui est-elle ? Union
39%
- Pinceaux des peintres et doreurs - Ce sobriquet est peu flatteur. - Il hiberne au fond d'un terrier, - Et le savon, il fait mousser. Qui est-il ? Blaireau
38%
- S'il se montre en paillettes - Ce n'est pas pour faire la fête. - On l'apprécie pour nettoyer, - On le passe pour l'enguirlander. Qui est-il ? Savon
38%
- Miroir, tant son dos est brillant - Elle vit tout au fond des étangs. - Comme elle nous faisons bien des sauts, - Comme elle on ne dit pas un mot. Qui est-elle ? Carpe
37%
- Il lui arrive d'être à terre - Dans le plat on le met par paire. - À la lettre parfois collé, - Il est moqueur devant le nez. Qui est-il ? Pied
37%
- Il est souvent compris- Il veut toujours aider. - Il est souvent gagné, - Parfois vous le rendez. Qui est-il ? Service
37%
- Très couru dès qu’il fait chaud - L’alpiniste l’affronte et en vise le haut. - C’est une réserve naturelle, - Mais qui ne restera pas éternelle. Qui est-il ? Glacier
35%
- Lorsqu'il est donné sur la peau - Il laisse parfois des bleus. - On l'aime chaud, glacé, - En crème, il est délicieux. Qui est-il ? Marron
34%
- Toujours près du zénith - On le sonne à son arrivée. - Parfois le sud, il nous indique. - Deux aiguilles au ciel, il fait pointer. Qui est-il ? Midi
33%
- Pour notre dos c'est un soulagement- Mais il peut se montrer brûlant. - Cette chemise n'est pas un vêtement, - Mais contient des documents. Qui est-il ? Dossier
32%
- On le fait souvent à regret - Certaines femmes en font leur métier. - À deux, le sien on peut le monter, - Pour mieux le mettre en scène après. Qui est-il ? Ménage
32%
- Elle peut être un mari - Il s'agit d'une partie.
- Pour pouvoir la trouver, - Il vous faut diviser. Qui est-elle ?
Moitié
32%
- D'une grande dureté est le bois de son cœur - Son nom témoigne de sa couleur. - Taillé, sculpté elle est exotique, - Et fait l'objet d'un certain trafic. Qui est-elle ? Ebène
31%
- Ce col n'est pas sur un vêtement - Du carnaval, c'est un beau moment. - L'alpiniste doit le passer. - Et le mannequin doit l'animer. Qui est-il ? Défilé
30%
- De pierre il est souvent constitué - De feuilles il peut être composé, - De notes on aime le remplir, - Le chirurgien il va accueillir. Qui est-il ? Bloc
29%
- Parfois loin de la réalité - Une image elle peut accompagner. - La réponse ici trouvée, - Vous permettra peut-être d’y entrer. Qui est-elle ? Légende
29%
- Utile pour le dessin - On l'imite quand on l'aime bien. - Il adore défiler. - Et peut-être déposé. Qui est-il ? Modèle
29%
- Il peut servir aux classements - Ou glisse sur l'eau lentement. - Il est parfois fait de ciment, - Il s'obtient toujours en étudiant. Qui est-il ? Bac
28%
- Synonyme d'habileté - Un jongleur sait la gérer. - On la trouve dans un carnet, - Où l'on part sans la laisser. Qui est-elle ? Adresse
26%
- Elle enveloppe corps et bras - C’est une feuille de tabac. - C'est une allure de voilier, - Longtemps elle fut liée à l'épée. Qui est-elle ? Cape
25%
- C'est un oiseau qui nage et n'est pas frileux - Mais aussi un poisson plutôt onéreux. - Cruel ou héroïque, il a pu se montrer - Dans la Rome antique, en maître, il a régné. Qui est-il ? Empereur
22%
- Elle désigne une aptitude - Physique ou mentale. - C'est un haut lieu dans les études, - Juridique ou médicale. Qui est-elle ? Faculté
22%
- On compte sur elle pour le transport - C'est une bête qu'il faut ménager. - Elle peut être en or, - Sans elle, des verres on ne pourrait porter. Qui est-elle ? Monture
22%
- Elle plonge sans un bruit - Sur les rongeurs imprudents. - C'est aussi un conduit, - Fait de fonte ou de ciment. Qui est-elle ? Buse
21%
- Sa courtoisie est appréciée - À vos hôtes vous la rendez. - Elle a des cartes par milliers, - Pourtant elle est souvent guidée. Qui est-elle ? Visite
21%
- Sous les pieds, ou dans la main - Elle est double pour l'académicien. - En abondance dans les prés, - De loin, vous l'entendez. Qui est-elle ? Corne
19%
- Au balcon, vous l'apercevez - L'étoile vient s'y reposer. - Le gardien peut y résider, - Baignoire, elle n'est jamais mouillée. Qui est-elle ? Loge
19%
- Il est enfermé dans une cage- Mais il n'est pas sauvage. - S'il peut rendre certains phobiques, - Les paresseux le trouvent tellement pratique. Qui est-il ? Ascenseur
18%
- Une teinte de rouge elle peut définir - Des aliments liquides elle peut contenir. - Elle peut être réfractaire, - Tout en étant faite de terre. Qui est-elle ? Brique
18%
- Il peut vivre dans les mers- Ou avoir une jument pour mère. - Dans les compétitions automobiles, - Cette voiture est parfois utile. Qui est-il ? Mulet
18%
- On lui fait constamment la peau - À vos semelles il est collé. - Il est souvent rond au bureau, - En haut du crâne il est perché. Qui est-il ? Cuir
16%
- Elle est bonne ou mauvaise au figuré - C'est un bon tour de magicien, - Avec elle le mot devient secret, - Elle peut être belle sur le terrain. Qui est-elle ? Passe
16%
- C’est un fameux tailleur de pièces - Bravoure ou foi peut témoigner. - On le redoute à son passage, - Et il surprend s’il est manqué. Qui est-il ? Acte
14%
- Née sous les insurgés - Cette arme de rebelle, - À beaucoup tournoyer, - Au temps du roi Soleil. Qui est-elle ? Fronde
13%
- Faits de lignes courbes et de contours - Du fleuve, ils sont tous les détours. - Sinuosités de la pensée, - Ils rendent l'homme plus compliqué. Qui sont-ils ? Méandres
13%
- Parfois mauvaise et redoutée - Elle peut faire des blessés. - Qu'elle soit d'eau ou de reins. - Elle est aussi mot de la fin. Qui est-elle ? Chute
12%
- Posée, c'est une question - Parfois à base de poisson. - On l'utilise en dissolution, - C'est aussi une punition. Qui est-elle ? Colle
12%
- Souvent causée par la distraction - Cette maladresse peut avoir des répercussions. - Cette perche sert à manœuvrer un bateau, - Ou à sortir un poisson de l'eau. Qui est-elle ? Gaffe
11%
- Sa peau a certaines propriétés - Sa chasse est réglementée. - C'est une médaille qu'il faut mériter, - Il vient de la famille des bovidés. Qui est-il ? Chamois
10%
- Quand on a soif, elle est bien utile - Les couturières, y enroulent un fil. - Cet oiseau n'est pas bien gros, - Mais peut finir dans nos fourneaux. Qui est-elle ? Canette
9%
- Ce danseur souvent apprécié - Peut-être léger comme un jockey. - Pour clouer il est utilisé, - Souvent il est bien mal élevé. Qui est-il ? Cavalier
0%
Aucun quiz correspondant
Distribution des résultats
% des personnes avec chaque résultat
Percentile par nombre de réponses
Votre historique - résultats
Vous n’avez pas pris ce quiz depuis la dernière actualisation